[Event "NB II. Szechenyi csoport"]
[Site "Tapolca"]
[Date "2024.04.21"]
[Round "8.11"]
[White "Pohl, Brigitta"]
[Black "Torok, Gergo"]
[Result "1-0"]
[WhiteElo "1570"]
[BlackElo "1486"]
[PlyCount "113"]
[EventDate "2023.10.08"]
[EventType "team-tourn"]
[EventRounds "9"]
[EventCountry "HUN"]
[Source "chess.hu"]
[WhiteTeam "Ezust Huszar SE"]
[BlackTeam "Tapolca Varosi SE II"]
[WhiteTeamCountry "HUN"]
[BlackTeamCountry "HUN"]

1. e4 c5 2. Bc4 a6 3. a4 e6 4. Nc3 b6 5. d3 Bb7 6. Nf3 d5 7. exd5 exd5 8. Qe2+
Be7 9. Bb3 Nf6 10. O-O d4 11. Na2 Qc7 12. Ng5 Nd5 13. Qf3 Bxg5 14. Bxd5 Bxd5
15. Qxd5 Ra7 16. Bxg5 Qd7 17. Qe5+ Qe6 18. Qxb8+ Kd7 19. Qxa7+ Kd6 20. Qxb6+
Kd5 21. Qxe6+ fxe6 22. c4+ dxc3 23. Nxc3+ Ke5 24. f4+ Kf5 25. h3 h6 26. g4+ Kg6
27. Be7 Rc8 28. Ne4 c4 29. dxc4 Rxc4 30. Ng3 Kf7 31. Bh4 Rb4 32. Ra2 Rb3 33.
Kg2 Rd3 34. Rf2 Ke8 35. Re2 Kd7 36. f5 exf5 37. Nxf5 g5 38. Bg3 Kc6 39. Nxh6
Kd5 40. Re5+ Kc4 41. Rxg5 Rd2+ 42. Bf2 Kb3 43. Ra3+ Kxb2 44. Rf3 Kc1 45. Kg3
Kd1 46. Re5 Kc2 47. g5 Rd8 48. g6 Rh8 49. Rh5 Kd2 50. g7 Re8 51. g8=Q Rxg8+ 52.
Nxg8 a5 53. Rd5+ Kc2 54. Bg1 Kb2 55. Rd2+ Kc1 56. Rg2 Kd1 57. Rf1# 1-0

[Event "NB II. Szechenyi csoport"]
[Site "Szombathely"]
[Date "2024.04.21"]
[Round "8.1"]
[White "Forgo, Eva"]
[Black "Kiss, Balint"]
[Result "0-1"]
[WhiteElo "2074"]
[BlackElo "2224"]
[PlyCount "64"]
[EventDate "2023.10.08"]
[EventType "team-tourn"]
[EventRounds "9"]
[EventCountry "HUN"]
[Source "chess.hu"]
[WhiteTeam "Z. Baki Agrocentrum"]
[BlackTeam "Arboretum Hereny SE"]
[WhiteTeamCountry "HUN"]
[BlackTeamCountry "HUN"]

1. e4 e5 2. Nc3 Nf6 3. Nf3 Nc6 4. Bb5 Bb4 5. d3 d6 6. O-O Bxc3 7. bxc3 h6 8.
Qe2 O-O 9. h3 Re8 10. Nh2 d5 11. Ba3 Qd7 12. Qe1 a6 13. Ba4 b5 14. Bb3 Na5 15.
exd5 Nxb3 16. axb3 Qxd5 17. f3 Qc6 18. c4 bxc4 19. bxc4 Nh5 20. Qf2 Qg6 21. g4
Nf4 22. Qh4 Qg5 23. Qxg5 Nxh3+ 24. Kg2 Nxg5 25. Kg3 a5 26. Rfe1 Bb7 27. Rab1
Bc6 28. Re3 f6 29. Nf1 Rab8 30. Rc1 Ne6 31. Nd2 Nd4 32. Ne4 f5 0-1

[Event "NB II. Szechenyi csoport"]
[Site "Szombathely"]
[Date "2024.04.21"]
[Round "8.2"]
[White "Horvath, Tibor"]
[Black "Boronyak, Arpad"]
[Result "0-1"]
[WhiteElo "1910"]
[BlackElo "2069"]
[PlyCount "76"]
[EventDate "2023.10.08"]
[EventType "team-tourn"]
[EventRounds "9"]
[EventCountry "HUN"]
[Source "chess.hu"]
[WhiteTeam "Arboretum Hereny SE"]
[BlackTeam "Z. Baki Agrocentrum"]
[WhiteTeamCountry "HUN"]
[BlackTeamCountry "HUN"]

1. d4 Nf6 2. c4 c5 3. d5 b5 4. cxb5 a6 5. bxa6 Bxa6 6. Nc3 d6 7. e4 Bxf1 8.
Kxf1 g6 9. g3 Bg7 10. Kg2 O-O 11. Nf3 Nbd7 12. h3 Qb6 13. Re1 Rfb8 14. e5 dxe5
15. Nxe5 Nxe5 16. Rxe5 Qb7 17. Qf3 Rd8 18. a4 Ng4 19. Re2 Ne5 20. Qe4 f5 21.
Qf4 Rxd5 22. Nxd5 Qxd5+ 23. f3 Nd3 24. Qe3 e5 25. Ra3 c4 26. Rc2 e4 27. fxe4
fxe4 28. Re2 Re8 29. a5 Bd4 30. Qg5 Re5 31. Qh6 e3+ 32. Kh2 Qf3 33. Rg2 e2 34.
Bd2 e1=Q 35. Bxe1 Nxe1 36. Rxf3 Nxf3+ 37. Kh1 Re1+ 38. Rg1 Rxg1# 0-1

[Event "NB II. Szechenyi csoport"]
[Site "Szombathely"]
[Date "2024.04.21"]
[Round "8.3"]
[White "Bardossi, Jeno"]
[Black "Tako, Helga"]
[Result "1-0"]
[WhiteElo "2062"]
[BlackElo "1934"]
[PlyCount "79"]
[EventDate "2023.10.08"]
[EventType "team-tourn"]
[EventRounds "9"]
[EventCountry "HUN"]
[Source "chess.hu"]
[WhiteTeam "Z. Baki Agrocentrum"]
[BlackTeam "Arboretum Hereny SE"]
[WhiteTeamCountry "HUN"]
[BlackTeamCountry "HUN"]

1. e4 e5 2. Nc3 Nc6 3. Bc4 Nf6 4. d3 Bc5 5. f4 d6 6. Nf3 h6 7. Na4 Bb6 8. Nxb6
axb6 9. O-O Qe7 10. Be3 Na5 11. Bb3 Nxb3 12. axb3 Rxa1 13. Qxa1 O-O 14. fxe5
dxe5 15. h3 Bd7 16. Qe1 Re8 17. Qc3 Bc8 18. Ra1 c5 19. Ra8 Nd7 20. Qc4 Kh7 21.
b4 f6 22. bxc5 bxc5 23. Qb5 Qf8 24. Rxc8 Rxc8 25. Qxd7 b6 26. Nh4 Qe8 27. Qf5+
g6 28. Qxf6 Rc6 29. Qf2 Qe7 30. Qg3 Re6 31. Nf3 Qa7 32. Qh4 Kg8 33. Qxh6 Qg7
34. Qh4 Re8 35. Qg3 Re6 36. Bd2 b5 37. Bc3 c4 38. Bxe5 Qa7+ 39. Kh2 cxd3 40.
cxd3 1-0

[Event "NB II. Szechenyi csoport"]
[Site "Szombathely"]
[Date "2024.04.21"]
[Round "8.4"]
[White "Finy, Mark"]
[Black "Kirchner, Peter"]
[Result "1-0"]
[WhiteElo "1954"]
[BlackElo "1971"]
[PlyCount "75"]
[EventDate "2023.10.08"]
[EventType "team-tourn"]
[EventRounds "9"]
[EventCountry "HUN"]
[Source "chess.hu"]
[WhiteTeam "Arboretum Hereny SE"]
[BlackTeam "Z. Baki Agrocentrum"]
[WhiteTeamCountry "HUN"]
[BlackTeamCountry "HUN"]

1. d4 Nf6 2. c4 e5 3. dxe5 Ng4 4. Nf3 Nc6 5. Bf4 Bb4+ 6. Nbd2 Qe7 7. a3 Ngxe5
8. Nxe5 Nxe5 9. e3 Bxd2+ 10. Qxd2 d6 11. Be2 a5 12. b3 b6 13. e4 Ng6 14. Be3
Qxe4 15. Bf3 Qe5 16. O-O Rb8 17. Bxb6 O-O 18. Bxc7 Rxb3 19. Bxd6 Qf6 20. Bxf8
Rxf3 21. Be7 Qxe7 22. gxf3 h6 23. Rad1 Qe6 24. Qd5 Qh3 25. Rd4 Be6 26. Qe4 Qh5
27. Re1 Qg5+ 28. Kh1 Qc5 29. Re3 Qb6 30. h4 Ne7 31. Qa8+ Kh7 32. Qd8 Qb1+ 33.
Rd1 Qc2 34. Qd3+ Qxd3 35. Rdxd3 Ng6 36. c5 Nxh4 37. Rxe6 fxe6 38. c6 1-0

[Event "NB II. Szechenyi csoport"]
[Site "Szombathely"]
[Date "2024.04.21"]
[Round "8.5"]
[White "Preisz, Balazs"]
[Black "Ori, Tamas"]
[Result "1/2-1/2"]
[WhiteElo "1951"]
[BlackElo "1921"]
[PlyCount "20"]
[EventDate "2023.10.08"]
[EventType "team-tourn"]
[EventRounds "9"]
[EventCountry "HUN"]
[Source "chess.hu"]
[WhiteTeam "Z. Baki Agrocentrum"]
[BlackTeam "Arboretum Hereny SE"]
[WhiteTeamCountry "HUN"]
[BlackTeamCountry "HUN"]

1. e4 e5 2. Nf3 Nf6 3. d3 Nc6 4. Bg5 Be7 5. Nc3 d6 6. Qd2 Be6 7. O-O-O O-O 8.
Be3 d5 9. exd5 Nxd5 10. Ng5 Bxg5 1/2-1/2

[Event "NB II. Szechenyi csoport"]
[Site "Szombathely"]
[Date "2024.04.21"]
[Round "8.6"]
[White "Arany, Tamas"]
[Black "Korcz, Sandor"]
[Result "1-0"]
[WhiteElo "1885"]
[BlackElo "1910"]
[PlyCount "47"]
[EventDate "2023.10.08"]
[EventType "team-tourn"]
[EventRounds "9"]
[EventCountry "HUN"]
[Source "chess.hu"]
[WhiteTeam "Arboretum Hereny SE"]
[BlackTeam "Z. Baki Agrocentrum"]
[WhiteTeamCountry "HUN"]
[BlackTeamCountry "HUN"]

1. e4 c5 2. Nc3 Nc6 3. f4 d6 4. Nf3 g6 5. d3 Bg7 6. Be3 Bg4 7. Qd2 e6 8. Be2 a6
9. O-O b6 10. h3 h5 11. hxg4 hxg4 12. Ng5 g3 13. Rf3 d5 14. Rxg3 d4 15. Bf2
dxc3 16. bxc3 Nf6 17. Bf3 Qc7 18. d4 c4 19. Qe3 Ne7 20. Rd1 Nfd5 21. exd5 Nf5
22. Nxe6 fxe6 23. Qxe6+ Kf8 24. Rg4 1-0

[Event "NB II. Szechenyi csoport"]
[Site "Szombathely"]
[Date "2024.04.21"]
[Round "8.7"]
[White "Nagy, Benedek"]
[Black "Gabor, Attila"]
[Result "1-0"]
[WhiteElo "1858"]
[BlackElo "1875"]
[PlyCount "117"]
[EventDate "2023.10.08"]
[EventType "team-tourn"]
[EventRounds "9"]
[EventCountry "HUN"]
[Source "chess.hu"]
[WhiteTeam "Z. Baki Agrocentrum"]
[BlackTeam "Arboretum Hereny SE"]
[WhiteTeamCountry "HUN"]
[BlackTeamCountry "HUN"]

1. e4 e5 2. Nf3 Nc6 3. Bc4 Be7 4. O-O Nf6 5. Re1 O-O 6. c3 d6 7. d4 Bg4 8. d5
Na5 9. Bd3 b6 10. b4 Nb7 11. Nbd2 a5 12. Nf1 h6 13. h3 Bh5 14. Ng3 Bg6 15. Be3
Qc8 16. Qd2 Kh7 17. Nh2 Rh8 18. f4 exf4 19. Bxf4 Nd7 20. Nf3 Bf6 21. e5 dxe5
22. Bxg6+ fxg6 23. Nxe5 Nxe5 24. Bxe5 Rf8 25. Bxf6 Rxf6 26. Ne4 Rf7 27. a3 Qd7
28. c4 Nd6 29. Nxd6 Qxd6 30. Rac1 axb4 31. axb4 Rd8 32. Rcd1 Re7 33. Rxe7 Qxe7
34. Re1 Qd7 35. Rd1 Qd6 36. Qc3 Qf6 37. Qd4 Kg8 38. c5 Qxd4+ 39. Rxd4 bxc5 40.
bxc5 Kf7 41. Kf2 Kf6 42. Ke3 Ra8 43. d6 cxd6 44. Rxd6+ Ke7 45. Rxg6 Kf7 46. Rb6
Rc8 47. Kd4 Ke7 48. Kd5 Rc7 49. Rd6 Ra7 50. Re6+ Kf7 51. Re2 Ra1 52. Kd6 Rd1+
53. Kc7 Rc1 54. c6 Rb1 55. Kc8 Rc1 56. c7 Rb1 57. Rd2 Rb3 58. Kd8 Re3 59. Rf2+
1-0

[Event "NB II. Szechenyi csoport"]
[Site "Szombathely"]
[Date "2024.04.21"]
[Round "8.8"]
[White "Foki, Robert"]
[Black "Cseke, Mihaly"]
[Result "0-1"]
[WhiteElo "1792"]
[BlackElo "1873"]
[PlyCount "80"]
[EventDate "2023.10.08"]
[EventType "team-tourn"]
[EventRounds "9"]
[EventCountry "HUN"]
[Source "chess.hu"]
[WhiteTeam "Arboretum Hereny SE"]
[BlackTeam "Z. Baki Agrocentrum"]
[WhiteTeamCountry "HUN"]
[BlackTeamCountry "HUN"]

1. f4 Nf6 2. Nf3 d5 3. e3 g6 4. Be2 Bg7 5. O-O O-O 6. Qe1 c5 7. Qh4 Nc6 8. a3
Re8 9. Ne5 Qc7 10. Ng4 Nxg4 11. Bxg4 Bxg4 12. Qxg4 f5 13. Qf3 Rad8 14. Nc3 d4
15. Nd1 e5 16. d3 e4 17. dxe4 fxe4 18. Qg3 d3 19. cxd3 exd3 20. Bd2 Na5 21. Nc3
Nb3 22. Rad1 Nxd2 23. Rxd2 Bxc3 24. bxc3 Qe7 25. Re1 c4 26. f5 Qe5 27. fxg6
Qxg3 28. gxh7+ Kxh7 29. hxg3 Kg6 30. e4 Kg5 31. a4 Kg4 32. e5 Rc8 33. Rf2 Rc5
34. e6 Rc6 35. e7 Rc7 36. Re4+ Kg5 37. Rff4 Rexe7 38. Rxc4 Rxc4 39. Rxc4 Re1+
40. Kf2 d2 0-1

[Event "NB II. Szechenyi csoport"]
[Site "Szombathely"]
[Date "2024.04.21"]
[Round "8.9"]
[White "Kokai, Miklos"]
[Black "Kiss, Laszlo"]
[Result "1-0"]
[WhiteElo "1898"]
[BlackElo "1814"]
[PlyCount "90"]
[EventDate "2023.10.08"]
[EventType "team-tourn"]
[EventRounds "9"]
[EventCountry "HUN"]
[Source "chess.hu"]
[WhiteTeam "Z. Baki Agrocentrum"]
[BlackTeam "Arboretum Hereny SE"]
[WhiteTeamCountry "HUN"]
[BlackTeamCountry "HUN"]

1. d4 d5 2. Nf3 Nf6 3. Bf4 e6 4. e3 Bd6 5. Bg3 Bxg3 6. hxg3 Nbd7 7. Bd3 c6 8.
Nbd2 Qc7 9. Qe2 h6 10. c3 e5 11. Nxe5 Nxe5 12. dxe5 Qxe5 13. O-O Be6 14. e4
O-O-O 15. f4 Qc7 16. e5 Qb6+ 17. Kh1 Bg4 18. Nf3 Bxf3 19. gxf3 Nd7 20. a4 Rde8
21. a5 Qc7 22. b4 g5 23. c4 dxc4 24. Bxc4 Nf8 25. Qd3 Ne6 26. f5 Rd8 27. Bxe6+
fxe6 28. Qe4 Rd5 29. f4 Qf7 30. f6 Rhd8 31. Qe2 Rd2 32. Qg4 Qd7 33. Rae1 Qd5+
34. Qf3 Qa2 35. Rd1 Qd5 36. Qxd5 R2xd5 37. Rxd5 cxd5 38. f5 Kd7 39. Rd1 g4 40.
Kg2 Rc8 41. Kf2 Rc4 42. b5 h5 43. Rh1 exf5 44. Rxh5 Ke6 45. Rh7 Rc8 1-0

[Event "NB II. Szechenyi csoport"]
[Site "Szombathely"]
[Date "2024.04.21"]
[Round "8.10"]
[White "Marton, Zoltan"]
[Black "Deak, Laszlo"]
[Result "0-1"]
[WhiteElo "1716"]
[BlackElo "1817"]
[PlyCount "96"]
[EventDate "2023.10.08"]
[EventType "team-tourn"]
[EventRounds "9"]
[EventCountry "HUN"]
[Source "chess.hu"]
[WhiteTeam "Arboretum Hereny SE"]
[BlackTeam "Z. Baki Agrocentrum"]
[WhiteTeamCountry "HUN"]
[BlackTeamCountry "HUN"]

1. e4 e5 2. Nf3 d6 3. d4 Bg4 4. dxe5 Nd7 5. exd6 Bxd6 6. Be2 Qe7 7. Nfd2 Bxe2
8. Qxe2 O-O-O 9. O-O h5 10. c3 Ngf6 11. f3 Ne5 12. Nb3 Nd3 13. g3 h4 14. Qxd3
Bc5+ 15. Nxc5 Rxd3 16. Nxd3 hxg3 17. hxg3 Qd6 18. Nf4 g5 19. Ne2 g4 20. Kg2
gxf3+ 21. Rxf3 Nxe4 22. Be3 Qd1 23. Ng1 Qc2+ 24. Nd2 Nxd2 25. Bxd2 Qxd2+ 26.
Rf2 Rh2+ 27. Kxh2 Qxf2+ 28. Kh3 Qxb2 29. Rf1 Qxa2 30. g4 Qe6 31. Nf3 Qe2 32.
Nh2 Qc4 33. Rf3 a5 34. g5 a4 35. Ng4 Qd5 36. Re3 Qxg5 37. Re8+ Kd7 38. Re5 Qxe5
39. Nxe5+ Ke6 40. Nc4 Kd5 41. Na3 c6 42. Kg4 Ke4 43. Kg5 f5 44. c4 Kd4 45. Kf4
Kc3 46. c5 Kb4 47. Nb1 a3 48. Nxa3 Kxa3 0-1

[Event "NB II. Szechenyi csoport"]
[Site "Szombathely"]
[Date "2024.04.21"]
[Round "8.11"]
[White "Bedi, Bence"]
[Black "Jokai, Bence"]
[Result "0-1"]
[WhiteElo "1689"]
[BlackElo "1844"]
[PlyCount "114"]
[EventDate "2023.10.08"]
[EventType "team-tourn"]
[EventRounds "9"]
[EventCountry "HUN"]
[Source "chess.hu"]
[WhiteTeam "Z. Baki Agrocentrum"]
[BlackTeam "Arboretum Hereny SE"]
[WhiteTeamCountry "HUN"]
[BlackTeamCountry "HUN"]

1. d4 d5 2. c4 e6 3. Nf3 Nf6 4. Nc3 Nbd7 5. e3 Be7 6. Bd3 O-O 7. O-O c6 8. Qc2
Re8 9. Bd2 h6 10. a3 a5 11. Rfe1 dxc4 12. Bxc4 b5 13. Bd3 Bb7 14. Na2 Qb6 15.
b4 axb4 16. axb4 Ra3 17. Rab1 Rea8 18. Nc1 R3a4 19. Qb3 Nd5 20. Qc2 Bxb4 21.
Rb2 Bxd2 22. Qxd2 Qa5 23. Nb3 Qxd2 24. Nfxd2 Ra2 25. Rxa2 Rxa2 26. Ra1 Rxa1+
27. Nxa1 Nb4 28. Be4 Kf8 29. Kf1 Ke7 30. Ke1 e5 31. Nab3 Kd8 32. Nf3 f6 33. Nh4
Nf8 34. Nc5 Bc8 35. Kd2 Ne6 36. Nxe6+ Bxe6 37. dxe5 fxe5 38. Ng6 Bd5 39. Bf5
Bxg2 40. Nxe5 Kc7 41. f3 Kd6 42. f4 Nd5 43. Kd3 Bf1+ 44. Kd2 b4 45. Bg6 Kc5 46.
Nd7+ Kb5 47. Bc2 Nb6 48. Nxb6 Kxb6 49. f5 Kc5 50. Bb3 Kd6 51. e4 Bg2 52. Ke3
Ke5 53. Bc2 c5 54. Bd3 b3 55. Bb1 c4 56. h3 c3 57. Bd3 c2 0-1

[Event "NB II. Szechenyi csoport"]
[Site "Aszar"]
[Date "2024.04.21"]
[Round "8.1"]
[White "Pinterne, Kovacs Marta"]
[Black "Szegi, Tamas"]
[Result "0-1"]
[WhiteElo "2065"]
[BlackElo "2133"]
[PlyCount "64"]
[EventDate "2023.10.08"]
[EventType "team-tourn"]
[EventRounds "9"]
[EventCountry "HUN"]
[Source "chess.hu"]
[WhiteTeam "Spartacus Sportkor"]
[BlackTeam "Sakkbaratok Kisber-Aszar I."]
[WhiteTeamCountry "HUN"]
[BlackTeamCountry "HUN"]

1. d4 Nf6 2. Bg5 c5 3. d5 Qb6 4. Bxf6 gxf6 5. Qc1 d6 6. Nc3 f5 7. e3 Bg7 8.
Nge2 Nd7 9. a3 Nf6 10. Rb1 e6 11. dxe6 fxe6 12. Nf4 O-O 13. Be2 d5 14. O-O d4
15. Nd1 e5 16. Bc4+ Kh8 17. Nd5 Qe6 18. Nxf6 Qxc4 19. Nh5 Bh6 20. f4 Bd7 21. b3
Qf7 22. exd4 Qxh5 23. dxe5 Be6 24. c4 Rad8 25. Qe3 Rd4 26. Nc3 a6 27. Na4 Re4
28. Qxc5 Re2 29. Qb6 Rg8 30. Rf2 Bxf4 31. Rxf4 Rexg2+ 32. Kf1 Qe2# 0-1

[Event "NB II. Szechenyi csoport"]
[Site "Aszar"]
[Date "2024.04.21"]
[Round "8.2"]
[White "Sarok, Peter"]
[Black "Rezsek, Gyozo"]
[Result "1/2-1/2"]
[WhiteElo "1982"]
[BlackElo "2000"]
[PlyCount "39"]
[EventDate "2023.10.08"]
[EventType "team-tourn"]
[EventRounds "9"]
[EventCountry "HUN"]
[Source "chess.hu"]
[WhiteTeam "Sakkbaratok Kisber-Aszar I."]
[BlackTeam "Spartacus Sportkor"]
[WhiteTeamCountry "HUN"]
[BlackTeamCountry "HUN"]

1. d4 Nf6 2. Nf3 g6 3. Bg5 Ne4 4. Bf4 Bg7 5. Nbd2 d5 6. Be5 f6 7. Bf4 Nd6 8. e3
c6 9. Bd3 Nf7 10. e4 e5 11. dxe5 fxe5 12. Bg3 Nd7 13. c3 Nc5 14. Bc2 Qb6 15.
Rb1 Qa6 16. Qe2 Qxe2+ 17. Kxe2 b6 18. b4 Ba6+ 19. Kd1 Nxe4 20. Nxe4 1/2-1/2

[Event "NB II. Szechenyi csoport"]
[Site "Aszar"]
[Date "2024.04.21"]
[Round "8.3"]
[White "Rozsa, Peter"]
[Black "Dekany, Lajos"]
[Result "1-0"]
[WhiteElo "2048"]
[BlackElo "1917"]
[PlyCount "39"]
[EventDate "2023.10.08"]
[EventType "team-tourn"]
[EventRounds "9"]
[EventCountry "HUN"]
[Source "chess.hu"]
[WhiteTeam "Spartacus Sportkor"]
[BlackTeam "Sakkbaratok Kisber-Aszar I."]
[WhiteTeamCountry "HUN"]
[BlackTeamCountry "HUN"]

1. b3 Nf6 2. Bb2 e6 3. e3 d5 4. f4 Nbd7 5. Nf3 Bd6 6. Be2 O-O 7. O-O Re8 8. c4
c5 9. Nc3 a6 10. Qc2 dxc4 11. bxc4 e5 12. g3 exf4 13. gxf4 Nf8 14. Rf2 g6 15.
Ne5 Bf5 16. e4 Bh3 17. Nd5 Nxd5 18. cxd5 b5 19. Qc3 b4 20. Qxh3 1-0

[Event "NB II. Szechenyi csoport"]
[Site "Aszar"]
[Date "2024.04.21"]
[Round "8.4"]
[White "Somody, Robert"]
[Black "Szakaly, Laszlo"]
[Result "1/2-1/2"]
[WhiteElo "2023"]
[BlackElo "1916"]
[PlyCount "37"]
[EventDate "2023.10.08"]
[EventType "team-tourn"]
[EventRounds "9"]
[EventCountry "HUN"]
[Source "chess.hu"]
[WhiteTeam "Sakkbaratok Kisber-Aszar I."]
[BlackTeam "Spartacus Sportkor"]
[WhiteTeamCountry "HUN"]
[BlackTeamCountry "HUN"]

1. d4 d5 2. Bf4 c5 3. e4 Nc6 4. Bb5 cxd4 5. Qxd4 Bd7 6. Qxd5 Nf6 7. Qd3 e5 8.
Bg5 Bb4+ 9. c3 Bc5 10. Nf3 Qb6 11. O-O Ng4 12. b4 Bxf2+ 13. Kh1 f6 14. Na3
O-O-O 15. Nc4 Qc7 16. Be3 Bxe3 17. Nxe3 Nxe3 18. Qxe3 Kb8 19. Be2 1/2-1/2

[Event "NB II. Szechenyi csoport"]
[Site "Aszar"]
[Date "2024.04.21"]
[Round "8.5"]
[White "Tamas, Gyorgy"]
[Black "Salamon, Peter"]
[Result "0-1"]
[WhiteElo "1932"]
[BlackElo "1984"]
[PlyCount "72"]
[EventDate "2023.10.08"]
[EventType "team-tourn"]
[EventRounds "9"]
[EventCountry "HUN"]
[Source "chess.hu"]
[WhiteTeam "Spartacus Sportkor"]
[BlackTeam "Sakkbaratok Kisber-Aszar I."]
[WhiteTeamCountry "HUN"]
[BlackTeamCountry "HUN"]

1. d4 d5 2. Nf3 Nf6 3. c4 e6 4. Bg5 Be7 5. e3 c6 6. Nc3 Nbd7 7. Qc2 h6 8. Bh4
Qa5 9. cxd5 exd5 10. Bd3 Qd8 11. O-O O-O 12. Rfd1 Re8 13. Rac1 Nf8 14. Ne5 Ng4
15. Bxe7 Qxe7 16. Nf3 Nf6 17. h3 N8d7 18. Re1 Ne4 19. Nd2 Nxd2 20. Qxd2 Qg5 21.
b4 a6 22. a4 Nf8 23. f4 Qe7 24. b5 axb5 25. axb5 Bd7 26. bxc6 bxc6 27. e4 Qb4
28. exd5 Rxe1+ 29. Rxe1 Qxd4+ 30. Kh1 c5 31. Rd1 Kh8 32. Bb5 Qb4 33. Rb1 Qa5
34. Bxd7 Nxd7 35. Ne4 Qxd2 36. Nxd2 Ra4 0-1

[Event "NB II. Szechenyi csoport"]
[Site "Aszar"]
[Date "2024.04.21"]
[Round "8.6"]
[White "Gonczol, Gabor"]
[Black "Suket, Ferenc"]
[Result "1-0"]
[WhiteElo "1963"]
[BlackElo "1865"]
[PlyCount "83"]
[EventDate "2023.10.08"]
[EventType "team-tourn"]
[EventRounds "9"]
[EventCountry "HUN"]
[Source "chess.hu"]
[WhiteTeam "Sakkbaratok Kisber-Aszar I."]
[BlackTeam "Spartacus Sportkor"]
[WhiteTeamCountry "HUN"]
[BlackTeamCountry "HUN"]

1. Nf3 Nc6 2. d4 d5 3. g3 e6 4. Bg2 Nf6 5. O-O Be7 6. b3 O-O 7. Bb2 Ne4 8. Nbd2
f5 9. e3 h6 10. c4 g5 11. Ne5 Nxe5 12. dxe5 Nxd2 13. Qxd2 c6 14. Qc2 Bd7 15. g4
dxc4 16. Qxc4 Kh7 17. Rad1 Qe8 18. Rd2 Rd8 19. gxf5 exf5 20. Rfd1 Bc8 21. f4
Rxd2 22. Rxd2 Qf7 23. Qa4 a6 24. Ba3 Rd8 25. Rxd8 Bxd8 26. Qd4 Be7 27. Bxe7
Qxe7 28. Bh3 Be6 29. e4 g4 30. Bf1 c5 31. Qe3 b5 32. Bd3 Qd7 33. exf5 Bxf5 34.
Bxf5+ Qxf5 35. e6 Qf8 36. Qe5 c4 37. bxc4 bxc4 38. e7 Qe8 39. f5 c3 40. f6 Kg6
41. Qxc3 Kf7 42. Qe5 1-0

[Event "NB II. Szechenyi csoport"]
[Site "Aszar"]
[Date "2024.04.21"]
[Round "8.7"]
[White "Bezsenyi, Ferenc"]
[Black "Brayer, Janos"]
[Result "1/2-1/2"]
[WhiteElo "1809"]
[BlackElo "1942"]
[PlyCount "37"]
[EventDate "2023.10.08"]
[EventType "team-tourn"]
[EventRounds "9"]
[EventCountry "HUN"]
[Source "chess.hu"]
[WhiteTeam "Spartacus Sportkor"]
[BlackTeam "Sakkbaratok Kisber-Aszar I."]
[WhiteTeamCountry "HUN"]
[BlackTeamCountry "HUN"]

1. e4 c5 2. Nf3 g6 3. d4 Bg7 4. c3 cxd4 5. cxd4 d5 6. e5 Bg4 7. h3 Bxf3 8. Qxf3
e6 9. Nc3 a6 10. Qd3 Nc6 11. Be3 Nge7 12. g4 Qb6 13. Qd2 h5 14. Bg2 f5 15. gxh5
Rxh5 16. f4 Rc8 17. Rc1 Na5 18. b3 Qb4 19. Ne2 1/2-1/2

[Event "NB II. Szechenyi csoport"]
[Site "Aszar"]
[Date "2024.04.21"]
[Round "8.8"]
[White "Erdei, Lajos Jr"]
[Black "Wegner, Bela"]
[Result "1-0"]
[WhiteElo "1952"]
[BlackElo "1893"]
[PlyCount "123"]
[EventDate "2023.10.08"]
[EventType "team-tourn"]
[EventRounds "9"]
[EventCountry "HUN"]
[Source "chess.hu"]
[WhiteTeam "Sakkbaratok Kisber-Aszar I."]
[BlackTeam "Spartacus Sportkor"]
[WhiteTeamCountry "HUN"]
[BlackTeamCountry "HUN"]

1. h4 d5 2. d4 Nf6 3. Bf4 e6 4. Nf3 Nc6 5. e3 Be7 6. Nc3 a6 7. Qd2 Bb4 8. Bd3
O-O 9. a3 Bd6 10. e4 dxe4 11. Nxe4 Bxf4 12. Qxf4 Nxe4 13. Bxe4 f5 14. Bxc6 bxc6
15. Ne5 Bb7 16. O-O Qe7 17. b4 Rab8 18. Rfe1 Qd6 19. Nd3 Rbd8 20. c3 Rf6 21.
Re5 Rg6 22. f3 Bc8 23. Rae1 h6 24. Rc5 Bb7 25. Ne5 Rf6 26. Qd2 Kh7 27. Qd3 Kg8
28. f4 Kf8 29. g3 Kg8 30. Nc4 Qd7 31. Na5 Ba8 32. Qxa6 Rg6 33. Kf2 Qf7 34. Nc4
Qe8 35. Ne5 Rf6 36. Qc4 Rd5 37. a4 Rf8 38. a5 Rxc5 39. Qxc5 Bb7 40. Nd3 Qc8 41.
Qe5 Re8 42. Nc5 Ba6 43. Nxa6 Qxa6 44. Qxc7 Qc4 45. Qd7 Kf8 46. Qd6+ Kg8 47. Qc5
Qa2+ 48. Re2 Qa4 49. Qc4 Kf7 50. Ra2 Qb5 51. Qxb5 cxb5 52. Ke3 Ke7 53. Kd3 Kd6
54. Re2 g5 55. fxg5 hxg5 56. h5 Rh8 57. Rh2 Kd5 58. h6 Rh7 59. Rh5 g4 60. Rh4
e5 61. dxe5 Kxe5 62. a6 1-0

[Event "NB II. Szechenyi csoport"]
[Site "Aszar"]
[Date "2024.04.21"]
[Round "8.9"]
[White "Gyorfi, Norbert"]
[Black "Redl, Tibor"]
[Result "1/2-1/2"]
[WhiteElo "1786"]
[BlackElo "1945"]
[PlyCount "105"]
[EventDate "2023.10.08"]
[EventType "team-tourn"]
[EventRounds "9"]
[EventCountry "HUN"]
[Source "chess.hu"]
[WhiteTeam "Spartacus Sportkor"]
[BlackTeam "Sakkbaratok Kisber-Aszar I."]
[WhiteTeamCountry "HUN"]
[BlackTeamCountry "HUN"]

1. c4 e5 2. Nc3 Nf6 3. g3 d5 4. cxd5 Nxd5 5. Bg2 Nxc3 6. bxc3 Nc6 7. e4 Bc5 8.
Ne2 O-O 9. O-O Qd3 10. h3 Be6 11. Re1 f5 12. Bf1 Qf3 13. d4 exd4 14. Bg2 Qh5
15. cxd4 Rad8 16. Be3 Bb4 17. Nf4 Qf7 18. d5 Bc8 19. Qb3 Bxe1 20. Rxe1 Na5 21.
Qc3 b6 22. e5 Qe7 23. Bd4 Nb7 24. e6 Nd6 25. Bxg7 Qxg7 26. Qxg7+ Kxg7 27. e7
Rde8 28. exf8=Q+ Kxf8 29. Ne6+ Bxe6 30. dxe6 Ke7 31. Bd5 c5 32. g4 Rg8 33. f3
h5 34. Kf2 hxg4 35. hxg4 fxg4 36. Rg1 Ne8 37. fxg4 Nf6 38. Bf3 Kxe6 39. g5 Ne8
40. Bh5 Ng7 41. Be2 Ke5 42. Bc4 Rf8+ 43. Ke3 Rh8 44. Rg4 Rh3+ 45. Kd2 Kf5 46.
Rg2 Rh4 47. Kc3 Rg4 48. Rxg4 Kxg4 49. g6 Kg5 50. Bd3 Kf6 51. Kc4 Ke5 52. Kb5
Kd4 53. Be2 1/2-1/2